El tesoro del lago de la Plata / (Registro nro. 9034)

Detalles MARC
000 -LIDER
fixed length control field 00983nam a2200313 4500
001 - NÚMERO DE CONTROL
Identificador de número de control 0001938365
003 - IDENTIFICACDOR DE NÚMERO DE CONTROL
control field DO-SdBNP
005 - DATE AND TIME OF LATEST TRANSACTION
control field 20240829114631.0
007 - CAMPOS FIJOS DE DESCRIPCIÓN FÍSICA
fixed length control field 0001938365
008 - ELEMENTOS DE LONGITUD FIJA
fixed length control field 040430s1991 sp | ||| ||spa
017 ## - NÚMERO DE REGISTRO DE DERECHOS DE AUTOR
Copyright or legal deposit number
020 ## - ISBN
International Standard Book Number 8496246469
040 ## - FUENTE DE CATALOGACIÓN
Agencia que crea de manera original el registro BPMSU
Idioma de catalogación spa
Agencia que realiza la transcripción BPMSU
Convenciones de la despripción
041 1# - CÓDIGOS DE OBRAS TRADUCIDAS O EN VARIOS IDIOMAS
Código del idioma del texto/archivo de sonido o separata spa
Cód. del idioma original y/o traducciones intermedias del texto
082 #4 - NÚMERO DE CLASIFICACIÓN DECIMAL DE DEWEY
Classification number 833.91
Item number M466t 2004
Edition number 22
100 1# - ASIENTO PRINCIPAL -- NOMBRE PERSONAL
Nombre personal May, Karl,
Fechas asociadas con el nombre 1842-1912.
Término de relación
245 13 - MENCIÓN DE TITULO
Título El tesoro del lago de la Plata /
Mención de responsabilidad Karl May ; traducción, María Dolores Avalos y María Luisa Delgado
Medio (Designación general de material)
260 ## - PUBLICACIÓN, DISTRIBUCIÓN, ETC. (PIE DE IMPRENTA)
Lugar de publicación, distribución, etc Madrid :
Nombre del editor, distribuidor, etc. El País,
Fecha de publicación, distribución, etc 2004
300 ## - DESCRIPCIÓN FÍSICA
Extensión 462 p. ;
Dimensiones 20 cm.
490 0# - MENCIÓN DE SERIES
Mención de serie El País;
-- aventuras,
Volume/sequential designation 37
534 ## - NOTA SOBRE LA VERSIÓN ORIGINAL
Frase introductoria Título original :
Mención del título original Der schatz im silberse.
590 ## - NOTA LOCAL
Texto de la nota local Inventariado, 2024/VM
650 #4 - ENCABEZAMIENTO DE MATERIA--TEMÁTICO
Término temático o nombre geográfico como elemento de entrada Cuentos juveniles alemanes.
700 1# - ASIENTO SECUNDARIO -- NOMBRE PERSONAL
Nombre personal Ábalos, María Dolores,
Término de relación traductor
700 1# - ASIENTO SECUNDARIO -- NOMBRE PERSONAL
Nombre personal Delgado, Maria Luisa
Mención de responsabilidad traductor
830 #0 - ASIENTO SECUNDARIO DE SERIE--TÍTULO UNIFORME
Título uniforme El País, aventuras
Volume number/sequential designation 37
910 ## - VALIDACIÓN
Validación VMateo V. Control de calidad. BPMSU
942 ## - ADDED ENTRY ELEMENTS (KOHA)
Source of classification or shelving scheme Dewey Decimal Classification
Koha item type Libros
Existencias
Withdrawn status Lost status Source of classification or shelving scheme Damaged status Not for loan Collection code Home library Current library Date acquired Source of acquisition Total Checkouts Full call number Barcode Date last seen Price effective from Koha item type
    Dewey Decimal Classification     Colección General Biblioteca Pública Metropolitana Salomé Ureña Biblioteca Pública Metropolitana Salomé Ureña 12/07/2015 FUNDI   BPMSU CG 833.91 M466t 2004 BPMSU15120067 12/07/2015 12/07/2015 Libros